000 01073nam a22003257a 4500
001 BR0102779
003 BR-BrBNA
005 20230928100913.0
007 ta
008 230509b bl.||||| |||| 00| 0 por d
040 _aBR-BrBNA
_bpor
_cBiblioteca Nacional de Agricultura
041 _a(Por)
072 _aL01; L10
_b7600
_b0945
090 _ 7600 BR0102779
100 1 _aMurari, O.
110 1 _aEscola Superior de Agricultura Luiz de Queiroz, Piracicaba, SP (Brasil)
_0Tese (Doutor em Ciencias)
245 1 _aProducao de casulos e qualidade do fio de bicho-da-seda (Bombyx mori L.), obtidas das interacoes entre epocas, tipos de esteiras e genotipos de amoreira (Morus sp.)
260 3 _aPiracicaba, SP (Brasil):
_c2000.
300 _a76 p.
500 _aSummaries (Eng, Por); Bibliography p. 57-68; 14 illus.; 7 tables
650 _aBicho da Seda
650 _aAmora
650 _aSericicultura
650 _aCasulo
650 _aSeda
650 _aInteracao Genetica
650 _aGenotipo
909 _a202309
_bLucia
_c55
_dLucia Elande
942 _cBK
999 _c63334
_d63334